书目信息 |
| 题名: |
从零起步学吹笙轻松入门
|
|
| 作者: | 张雪松 , 张雪晶 编著 | |
| 分册: | ||
| 出版信息: | 上海 上海音乐学院出版社 2015 |
|
| 页数: | 142页 | |
| 开本: | 28cm | |
| 丛书名: | 从零学音乐入门丛书 | |
| 单 册: | ||
| 中图分类: | J632.126 | |
| 科图分类: | ||
| 主题词: | 笙--吹奏法 | |
| 电子资源: | ||
| ISBN: | 978-7-5566-0012-0 | |
| 000 | 00992oam2 2200301 450 | |
| 001 | 340523 | |
| 005 | 20150625155353.53 | |
| 010 | @a978-7-5566-0012-0@dCNY39.00 | |
| 010 | @a7-88050-286-6@b光盘 | |
| 100 | @a20151327d2015 em y0chiy0110 ea | |
| 101 | 0 | @achi |
| 102 | @aCN@b310000 | |
| 105 | @aag z 000yy | |
| 106 | @ar | |
| 200 | 1 | @a从零起步学吹笙轻松入门@Acong ling qi bu xue chui sheng qing song ru men@f张雪松, 张雪晶编著 |
| 205 | @a第2版 | |
| 210 | @a上海@c上海音乐学院出版社@d2015 | |
| 215 | @a142页@c图@d28cm@e光盘1片 | |
| 225 | 2 | @a从零学音乐入门丛书 |
| 330 | @a本书介绍吹笙基础知识, 内容包括: 笙的技巧概述与练习曲、D调记谱演绎笙曲精华等。 | |
| 410 | 0 | @12001 @a从零学音乐入门丛书 |
| 516 | 1 | @a从零起步学吹笙@Acong ling qi bu xue chui sheng |
| 606 | 0 | @a笙@x吹奏法 |
| 690 | @aJ632.126@v5 | |
| 701 | 0 | @a张雪松@Azhang xue song@f(1968-)@4编著 |
| 701 | 0 | @a张雪晶@Azhang xue jing@f(1973-)@4编著 |
| 801 | 0 | @aCN@b卓展宏图@c20150525 |
| 905 | @dJ632.126@e92=2@f4 | |
| 从零起步学吹笙轻松入门/张雪松, 张雪晶编著.-第2版.-上海:上海音乐学院出版社,2015 |
| 142页:图;28cm+光盘1片.-(从零学音乐入门丛书) |
| ISBN 978-7-5566-0012-0:CNY39.00 |
| 本书介绍吹笙基础知识, 内容包括: 笙的技巧概述与练习曲、D调记谱演绎笙曲精华等。 |
| ● |
| 相关链接 |
|
|
|
|
正题名:从零起步学吹笙轻松入门
索取号:J632.126/92=2
 
预约/预借
| 序号 | 登录号 | 条形码 | 馆藏地/架位号 | 状态 | 备注 |
| 1 | 866013 | 208660135 | 第一样本阅览室/ [索取号:J632.126/92=2] | 在馆 | |
| 2 | 866014 | 208660144 | 第一借阅区/ [索取号:J632.126/92=2] | 在馆 | |
| 3 | 866015 | 208660153 | 第一借阅区/ [索取号:J632.126/92=2] | 在馆 | |
| 4 | 866016 | 208660162 | 密集书库-音乐系/ [索取号:J632.126/92=2] | 在馆 |